Лексико-стилістичний аналіз суспільно-політичного тексту на прикладі британського щотижневика "Economist" (Запис № 284252)
[ простий вигляд ]
| 000 -LEADER | |
|---|---|
| fixed length control field | 02218nam a22001577a 4500 |
| 041 ## - LANGUAGE CODE | |
| Language code of text/sound track or separate title | ukr |
| 080 ## - UNIVERSAL DECIMAL CLASSIFICATION NUMBER | |
| Universal Decimal Classification number | 09 |
| 090 ## - LOCALLY ASSIGNED LC-TYPE CALL NUMBER (OCLC); LOCAL CALL NUMBER (OCLC) | |
| Local cutter number (OCLC) ; Book number/undivided call number, CALL (RLIN) | КОВ |
| 100 ## - MAIN ENTRY--PERSONAL NAME | |
| Personal name | Коваль І.Б. |
| 245 ## - TITLE STATEMENT | |
| Title | Лексико-стилістичний аналіз суспільно-політичного тексту на прикладі британського щотижневика "Economist" |
| 260 ## - PUBLICATION, DISTRIBUTION, ETC. (IMPRINT) | |
| Place of publication, distribution, etc | Острог |
| Name of publisher, distributor, etc | КАФ |
| Date of publication, distribution, etc | 2010 |
| 300 ## - PHYSICAL DESCRIPTION | |
| Extent | 56 |
| 520 ## - SUMMARY, ETC. | |
| Summary, etc | ВСТУП<br/>РОЗДІЛ 1 ОСОБЛИВОСТІ ЕКОНОМІЧНОЇ ТЕРМІНО-СИСТЕМИ АНГЛІЙСЬКОЇ МОВИ<br/>1.1 Термінологічна лексика поняття та функції.<br/>1.2 Види та класифікації економічних термінів.<br/>1.3 Міжкультурна комунікація та проблеми перекладу.<br/>1.4 Нова економічна лексика і термінологія англійської мови.<br/>РОЗДІЛ 2 ПЕРЕКЛАД СУСПІЛЬНО-ПОЛІТИЧНИХ РЕАЛЕЙ<br/>2.1 Поняття перекладу. Поняття адекватності та еквівалентності.<br/>2.2 Переклад газетно-публіцистичного стилю.<br/>РОЗДІЛ 3 ПОНЯТТЯ РЕАЛІЙ<br/>3.1 Поняття реалій. Класифікація реалій.<br/>3.2 Переклад реалій.<br/>РОЗДІЛ 4 ШЛЯХИ ПЕРЕДАЧІ АНГІЛЙСЬКИХ ЕКОНОМІЧНИХ ТЕРМІНІВ УКРАЇНСЬКОЮ МОВОЮ<br/>4.1 Основні петоди перекладу складних економічних термінів та термінів словосполучень.<br/>4.2 Багатозначність та варіативність відповідностей в перекладі.<br/>4.3 Безеквівалентні терміни та їх переклад.<br/>РОЗДІЛ 5 ЛЕКСИЧНО-СТИЛІСТИЧНИЙ АНАЛІЗ СУСПІЛЬНО-ПОЛІТИЧНОГО ТЕКСТУ НА ПРИКЛАДІ БРИТАНСЬКОГО ЩОТИЖНЕВИКА "THE ECONOMIST".<br/>ВИСНОВКИ |
| -- | реалія,суспільно-політичний текст, |
| 650 ## - SUBJECT ADDED ENTRY--TOPICAL TERM | |
| Topical term or geographic name as entry element | Research Papers |
| 942 ## - ADDED ENTRY ELEMENTS (KOHA) | |
| Koha item type | Книги |
| Withdrawn status | Lost status | Source of classification or shelving scheme | Damaged status | Not for loan | Home library | Current library | Date acquired | Source of acquisition | Cost, normal purchase price | Total Checkouts | Full call number | Barcode | Date last seen | Price effective from | Koha item type |
|---|---|---|---|---|---|---|---|---|---|---|---|---|---|---|---|
| Universal Decimal Classification | ВІЛ - Відділ іноземн. літератури НБ | ВІЛ - Відділ іноземн. літератури НБ | 16/04/2009 | Акт №1 | 1.00 | 09 | 213897 | 20/12/2021 | 16/04/2009 | Книги |